Music Quiz

Random Music or Billboard Quiz

1980s #1 Songs per Letter Quiz Stats

 Plays Quiz Updated Aug 13, 2017

Challenge
Share
Tweet
Embed
Score 0/24 Timer 08:00
3 Plays Today
Starting Letter (# of songs) #1 song(s) % Correct
B (11)Bette Davis Eyes, Billie Jean, Beat It...
82.4%
L (17)Lady, Like A Virgin, Let's Dance...
71.8%
W (21)Woman in Love, When Doves Cry, What's Love Got to Do with It...
64.9%
A (14)Another One Bites the Dust, Abracadabra, All Night Long (All Night)...
60.8%
T (14)Total Eclipse of the Heart, That's What Friends Are For, Time After Time...
55.9%
E (10)Endless Love, Every Breath You Take, Eye Of The Tiger...
55.8%
C (13)Call Me, Centerfold, Coming Up...
53.7%
K (6)Karma Chameleon, Kiss on My List, Kiss...
52.2%
S (20)Say Say Say, Sweet Dreams (Are Made of This)...
52%
M (14)Magic, Maneater, Miss You Much...
51.9%
J (5)(Just Like) Starting Over, Jack & Diane, Jump...
51.6%
I (18)I Love Rock 'n' Roll...
48.7%
Starting Letter (# of songs) #1 song(s) % Correct
H (12)Hello, Hard To Say I'm Sorry, How Will I Know...
46.5%
P (6)Physical, Please Don't Go, Private Eyes...
43.3%
D (8)Do That to Me One More Time, Down Under, Don't You Want Me...
42.8%
F (8)Flashdance... What A Feeling, Funkytown, Faith...
40.3%
R (8)Rock with You, Roll With It, Right Here Waiting...
28.4%
G (8)Ghostbusters, Greatest Love of All, Girl I'm Gonna Miss You...
24.8%
O (8)Owner of a Lonely Heart, On My Own, Out of Touch...
23%
V (2)A View to a Kill, Venus
19.7%
N (4)Nothing's Gonna Stop Us Now, Never Gonna Give You Up, Need You Tonight...
19.6%
U (2)Upside Down, Up Where We Belong
16.1%
Y (2)You Keep Me Hangin' On, You Give Love a Bad Name
11%
(any digit 0-9) (1)9 to 5
9.9%

You're not logged in!

Compare scores with friends on all Sporcle quizzes.
OR
Log In

You Might Also Like...

Show Comments

Extras

Top Quizzes Today


Score Distribution

Your Account Isn't Verified!

In order to create a playlist on Sporcle, you need to verify the email address you used during registration. Go to your Sporcle Settings to finish the process.

Report this User

Report this user for behavior that violates our Community Guidelines.

Details: